| 000 | 01523 am a2200409 i 4500 | ||
|---|---|---|---|
| 001 | 200448686 | ||
| 999 |
_c200448686 _d66898 |
||
| 003 | TR-AnTOB | ||
| 005 | 20250620160508.0 | ||
| 007 | ta | ||
| 008 | 220425s2007 tu a 000 0 mul d | ||
| 020 | _a975869702 | ||
| 040 |
_aIYTE _beng _erda _cIYTE _dTR-AnTOB |
||
| 041 | 0 |
_atur _aeng |
|
| 050 | 4 |
_aDS51.I95 _bİ965 2007 |
|
| 090 |
_aDS51.I95 _bİ965 2007 |
||
| 245 | 0 | 0 |
_aİzmir : _bBergama'dan Efes'e = From Pergamon to Ephesus / _cmetin, Hümeyra Özalp Konyar ; fotoğraflar, Rasim Konyar; çeviri Anahid Hazaryan. |
| 246 | 3 | 3 | _aBergama'dan Efes'e İzmir. |
| 246 | 3 | 3 | _aİzmir from Pergamon to Ephesus. |
| 246 | 3 | 1 | _aFrom Pergamon to Ephesus İzmir |
| 264 | 1 |
_aİstanbul : _bTÜRSAB : _bŞubat Yayıncılık, _c2004. |
|
| 300 |
_a379 pages : _billustrations (some color) ; _c30 cm. |
||
| 336 |
_atext _btxt _2rdacontent |
||
| 337 |
_aunmediated _bn _2rdamedia |
||
| 338 |
_avolume _bnc _2rdacarrier |
||
| 490 | 0 | _aTÜRSAB Kültür Yayınları | |
| 546 | _aTurkish and English | ||
| 651 | 0 |
_aİzmir (Turkey) _xDescription and travel. |
|
| 651 | 0 |
_aİzmir (Türkiye) _xGezi ve tanıtım _956002 |
|
| 651 | 0 |
_aİzmir (Turkey) _vPictorial works. |
|
| 651 | 0 |
_aİzmir (Türkiye) _xTarih _vResimli çalışmalar _956001 |
|
| 700 | 1 |
_aKonyar, Rasim _ephotographer. _968642 |
|
| 700 | 1 |
_aKonyar, Hümeyra Özalp _etext writer _968643 |
|
| 700 | 1 |
_aHazaryan, Anahid _etranslator. _9126868 |
|
| 710 | 2 |
_aTürkiye Seyahat Acenteleri Birliği _9136806 |
|
| 942 |
_2lcc _cBK |
||